[Event "121st YMCA Spring C"]
[Site "Warszawa"]
[Date "2013.05.09"]
[Round "6"]
[White "Skwarek, Hubert"]
[Black "Powalka, Michal"]
[Result "1/2-1/2"]
[WhiteElo "1644"]
[BlackElo "1835"]
[PlyCount "105"]
[EventDate "2013.04.10"]
[EventType "tourn"]
[EventRounds "1"]
[EventCountry "POL"]
[SourceDate "2013.04.10"]

1. c4 Nf6 2. g3 g6 3. Bg2 Bg7 4. Nc3 O-O 5. e4 d6 6. Nge2 e5 7. O-O Nc6 8. d3
Be6 9. Nd5 h6 10. Nxf6+ Qxf6 11. Be3 Kh7 12. Qd2 Qe7 13. b4 Qd7 14. Rfd1 f5 15.
exf5 Bxf5 16. b5 Nd8 17. d4 Bg4 18. dxe5 Bxe5 19. Rac1 Bg7 20. f4 Re8 21. Re1
a6 22. a4 axb5 23. axb5 c6 24. Nd4 d5 25. bxc6 bxc6 26. cxd5 cxd5 27. Bf2 Rxe1+
28. Qxe1 Ra4 29. Nf3 Nc6 30. Nh4 Nd4 31. Kh1 Ne2 32. Rb1 Nc3 33. Ra1 Rxa1 34.
Qxa1 d4 35. Qa6 Qe8 36. Qa8 Qe6 37. Bf3 Bh3 38. Qc6 d3 39. Qxe6 Bxe6 40. Be3
Nd5 41. Bd2 Bc3 42. Be4 Bxd2 43. Bxg6+ Kg7 44. Bxd3 Ne3 45. Be2 Nf5 46. Nxf5+
Bxf5 47. Bf3 Bh3 48. Bg2 Bg4 49. Kg1 Kf6 50. Kf2 Bd7 51. h3 Ba5 52. g4 Kg7 53.
Bf3 1/2-1/2

[Event "121st YMCA Spring C"]
[Site "Warszawa"]
[Date "2013.04.26"]
[Round "6"]
[White "Slomski, Arkadiusz"]
[Black "Staniak, Mariusz"]
[Result "0-1"]
[WhiteElo "1725"]
[BlackElo "1821"]
[PlyCount "74"]
[EventDate "2013.04.10"]
[EventType "tourn"]
[EventRounds "1"]
[EventCountry "POL"]
[SourceDate "2013.04.10"]

1. f4 d5 2. Nf3 Nf6 3. e3 g6 4. Be2 Bg7 5. O-O O-O 6. d4 b6 7. Ne5 c5 8. c3 Bb7
9. Nd2 Nbd7 10. a3 Qc7 11. Ndf3 Nxe5 12. fxe5 Ne4 13. Nd2 Rad8 14. Nxe4 dxe4
15. Bd2 Qc6 16. Qc2 cxd4 17. exd4 Rxd4 18. Bg5 Rd7 19. Qb3 Qc5+ 20. Kh1 Bd5 21.
c4 Be6 22. Qc2 Qxe5 23. Bf4 Qxb2 24. Qxe4 Bf5 25. Qf3 Rfd8 26. g4 Be6 27. Rab1
Qf6 28. g5 Qc3 29. Qc6 Bf5 30. Rbc1 Qd4 31. Qa4 Qe4+ 32. Bf3 Qxf4 33. Rce1 Be5
34. Rf2 Rd3 35. Ref1 Rxf3 36. Kg1 Rxf2 37. Rxf2 Bd4 0-1

[Event "121st YMCA Spring C"]
[Site "Warszawa"]
[Date "2013.05.08"]
[Round "6"]
[White "Rodak , Przemyslaw"]
[Black "Krzyzanowski, Antoni"]
[Result "0-1"]
[WhiteElo "1667"]
[BlackElo "1723"]
[PlyCount "82"]
[EventDate "2013.04.10"]
[EventType "tourn"]
[EventRounds "1"]
[EventCountry "POL"]
[SourceDate "2013.04.10"]

1. d4 f5 2. c4 Nf6 3. Nc3 e6 4. Nf3 b6 5. Bg5 Bb7 6. e3 Be7 7. Be2 O-O 8. O-O
d6 9. Nd2 h6 10. Bh4 g5 11. Bg3 Rf7 12. Bf3 c6 13. Qb3 Nbd7 14. c5 d5 15. cxb6
axb6 16. Be2 Ra7 17. Nf3 c5 18. Nb5 Ra5 19. Nc7 c4 20. Qc3 Ne4 21. Qc2 Nxg3 22.
hxg3 Qxc7 23. b3 b5 24. bxc4 dxc4 25. g4 Be4 26. Qc3 Ra3 27. Qb2 b4 28. gxf5
Rxf5 29. Nh2 c3 30. Qc1 Rfa5 31. f3 Bg6 32. Ng4 h5 33. Nf2 Rxa2 34. Rxa2 Rxa2
35. Bd3 Bxd3 36. Nxd3 Qc4 37. Ne5 Nxe5 38. dxe5 b3 39. Qd1 c2 40. Qd7 Qxf1+ 41.
Kh2 Qxg2+ 0-1

[Event "121st YMCA Spring C"]
[Site "Warszawa"]
[Date "2013.05.08"]
[Round "6"]
[White "Barc, Michal"]
[Black "Potocki, Karol"]
[Result "1/2-1/2"]
[WhiteElo "1854"]
[BlackElo "1874"]
[Annotator "Admin"]
[PlyCount "108"]
[EventDate "2013.04.10"]
[EventType "tourn"]
[EventRounds "1"]
[EventCountry "POL"]
[SourceDate "2013.04.10"]

1. d4 Nf6 2. Nf3 e6 3. c4 b6 4. Nc3 Bb7 5. Bg5 Bb4 6. e3 h6 7. Bxf6 Bxc3+ 8.
bxc3 Qxf6 9. Bd3 d6 10. O-O Nd7 11. Nd2 Qe7 12. Be4 Bxe4 13. Nxe4 O-O 14. f4
Rac8 15. Qf3 c5 16. Nd2 f5 17. e4 fxe4 18. Qxe4 Nf6 19. Qe2 Rfe8 20. Rae1 Qb7
21. Rf3 Qa6 22. Re3 Qxa2 23. Rxe6 Qc2 24. Qe3 Qf5 25. d5 Kf8 26. h3 Rxe6 27.
Qxe6 Qxe6 28. Rxe6 Rd8 29. g4 a5 30. Kf2 a4 31. Nb1 Re8 32. Ke3 Rxe6+ 33. dxe6
Ke7 34. f5 d5 35. cxd5 Nxd5+ 36. Ke4 Nf6+ 37. Ke5 b5 38. h4 b4 39. cxb4 cxb4
40. g5 hxg5 41. hxg5 a3 42. Nd2 a2 43. Nb3 Ne8 44. f6+ gxf6+ 45. gxf6+ Nxf6 46.
Kd4 $11 Kxe6 47. Kc4 Nd5 48. Na1 Ke5 49. Kb3 Kd4 50. Kxa2 Kc3 51. Nb3 Ne3 52.
Nc5 Nd1 53. Kb1 Nf2 54. Na6 b3 $11 1/2-1/2

[Event "121st YMCA Spring C"]
[Site "Warszawa"]
[Date "2013.05.08"]
[Round "6"]
[White "Moskwinski, Marek"]
[Black "Wilczynski, Adam"]
[Result "1-0"]
[WhiteElo "1772"]
[BlackElo "1673"]
[PlyCount "95"]
[EventDate "2013.04.10"]
[EventType "tourn"]
[EventRounds "1"]
[EventCountry "POL"]
[SourceDate "2013.04.10"]

1. e4 c5 2. Nf3 e6 3. d4 cxd4 4. Nxd4 a6 5. Be3 Nf6 6. Nc3 Bb4 7. Bd3 d5 8. e5
Nfd7 9. f4 Nc6 10. O-O Nc5 11. Qg4 g6 12. Nce2 Nxd3 13. cxd3 Bc5 14. Qg3 Qb6
15. Qf2 Bd7 16. Rfc1 Nxd4 17. Bxd4 Bxd4 18. Qxd4 Qxd4+ 19. Nxd4 Rc8 20. Rxc8+
Bxc8 21. Rc1 Kd8 22. b4 Bd7 23. Rc5 Re8 24. Kf2 Re7 25. g4 h6 26. Ke3 Be8 27.
f5 g5 28. f6 Rc7 29. Kf3 Rxc5 30. bxc5 Ba4 31. Kg3 Kd7 32. h4 Bd1 33. a3 Ke8
34. c6 bxc6 35. Nxc6 Ba4 36. Ne7 d4 37. hxg5 hxg5 38. Kf3 Bd1+ 39. Ke4 Bxg4 40.
Kxd4 Bf3 41. Ke3 Bb7 42. Kf2 Kd8 43. Kg3 Kc7 44. Kg4 Kb6 45. d4 Kb5 46. d5 exd5
47. e6 d4 48. exf7 1-0

[Event "121st YMCA Spring C"]
[Site "Warszawa"]
[Date "2013.04.30"]
[Round "7"]
[White "Potocki, Karol"]
[Black "Moskwinski, Marek"]
[Result "1/2-1/2"]
[WhiteElo "1874"]
[BlackElo "1772"]
[Annotator "Admin"]
[PlyCount "92"]
[EventDate "2013.04.10"]
[EventType "tourn"]
[EventRounds "1"]
[EventCountry "POL"]
[SourceDate "2013.04.10"]

1. e4 e6 2. d4 d5 3. Nc3 Bb4 4. e5 c5 5. a3 Bxc3+ 6. bxc3 Nc6 7. Qg4 Nge7 8.
Qxg7 Rg8 9. Qxh7 cxd4 10. f4 dxc3 11. Nf3 Qc7 12. Qd3 Na5 13. h4 Bd7 14. a4
O-O-O 15. h5 Nf5 16. h6 Rg6 17. h7 Rh8 18. Rh5 Ng3 19. Rg5 Nxf1 20. Qxf1 Qc4
21. Qxc4+ Nxc4 22. Rxg6 fxg6 23. Ng5 a5 24. Ke2 b5 $11 25. axb5 Bxb5 26. Kf2
Kd7 27. Be3 a4 28. Bd4 Nd2 29. Bxc3 Ne4+ 30. Nxe4 dxe4 31. Rh1 Ke7 32. g4 Kf7
33. f5 gxf5 34. gxf5 Kg7 35. f6+ Kf7 36. Ke3 a3 37. Rb1 Bc6 38. Rb6 Bd5 39. Ra6
Rxh7 40. Rxa3 Kg6 41. Ra1 Rc7 42. Rg1+ Kf5 43. Bb4 Rb7 44. c3 Kxe5 45. Rg7 Kxf6
46. Rxb7 Bxb7 1/2-1/2

[Event "121st YMCA Spring C"]
[Site "Warszawa"]
[Date "2013.05.28"]
[Round "7"]
[White "Krzyzanowski, Antoni"]
[Black "Barc, Michal"]
[Result "0-1"]
[WhiteElo "1723"]
[BlackElo "1854"]
[PlyCount "56"]
[EventDate "2013.04.10"]
[EventType "tourn"]
[EventRounds "1"]
[EventCountry "POL"]
[SourceDate "2013.04.10"]

1. e4 d6 2. d4 Nf6 3. Nc3 c6 4. Bd3 e5 5. Nf3 Bg4 6. d5 Qb6 7. O-O Be7 8. Re1
Na6 9. Na4 Qa5 10. c4 Bxf3 11. gxf3 Qc7 12. f4 O-O 13. Nc3 exf4 14. Bxf4 Nd7
15. Rc1 Bf6 16. e5 dxe5 17. Bxh7+ Kxh7 18. Qh5+ Kg8 19. Re3 g6 20. Rg3 exf4 21.
Rxg6+ fxg6 22. Qxg6+ Bg7 23. Ne4 Rf6 24. Qg4 cxd5 25. Rd1 dxe4 26. Rxd7 Rg6 27.
Qxg6 Qxd7 28. Qxe4 Rf8 0-1

[Event "121st YMCA Spring C"]
[Site "Warszawa"]
[Date "2013.05.15"]
[Round "7"]
[White "Staniak, Mariusz"]
[Black "Rodak , Przemyslaw"]
[Result "1-0"]
[WhiteElo "1821"]
[BlackElo "1667"]
[PlyCount "73"]
[EventDate "2013.04.10"]
[EventType "tourn"]
[EventRounds "1"]
[EventCountry "POL"]
[SourceDate "2013.04.10"]

1. c4 Nf6 2. Nc3 e5 3. Nf3 Nc6 4. a3 g6 5. g3 Bg7 6. Bg2 d6 7. d3 O-O 8. Bg5 h6
9. Bxf6 Bxf6 10. Nd5 Bg7 11. O-O Be6 12. Nd2 Rb8 13. Rb1 Ne7 14. b4 c6 15.
Nxe7+ Qxe7 16. Qa4 a6 17. b5 cxb5 18. cxb5 Bd7 19. Qb4 Bxb5 20. Ne4 Rfd8 21.
Rfc1 Bc6 22. Nc3 Bxg2 23. Kxg2 Qe6 24. e4 Bf8 25. Nd5 Rdc8 26. Qb6 Rxc1 27.
Rxc1 Kg7 28. Rc7 Qe8 29. Rxb7 Rxb7 30. Qxb7 Qa4 31. Qb4 Qc6 32. Qb3 Kg8 33. a4
Kg7 34. a5 f5 35. Qb6 Qc2 36. Qb7+ Kh8 37. Nf6 1-0

[Event "121st YMCA Spring C"]
[Site "Warszawa"]
[Date "2013.05.21"]
[Round "7"]
[White "Powalka, Michal"]
[Black "Slomski, Arkadiusz"]
[Result "1-0"]
[WhiteElo "1835"]
[BlackElo "1725"]
[PlyCount "67"]
[EventDate "2013.04.10"]
[EventType "tourn"]
[EventRounds "1"]
[EventCountry "POL"]
[SourceDate "2013.04.10"]

1. e4 e6 2. d4 d5 3. Nd2 Nf6 4. e5 Nfd7 5. Bd3 c5 6. c3 Nc6 7. Ne2 Qb6 8. Nf3
cxd4 9. cxd4 f6 10. exf6 Nxf6 11. O-O Bd6 12. Re1 O-O 13. Qb3 Qxb3 14. axb3 Nb4
15. Bb1 Bd7 16. Bg5 Ne4 17. Bh4 h6 18. Nc3 Rxf3 19. Nxe4 Rf4 20. Nxd6 Rxh4 21.
Nxb7 Rxd4 22. Nc5 Bc8 23. g3 Kf7 24. h4 e5 25. Rxe5 Rd1+ 26. Kg2 Nc2 27. Bxc2
Rxa1 28. h5 d4 29. Bg6+ Kf6 30. f4 Bf5 31. Rxf5+ Ke7 32. Rd5 Rd8 33. Re5+ Kd6
34. Nb7+ 1-0

[Event "121st YMCA Spring C"]
[Site "Warszawa"]
[Date "2013.05.10"]
[Round "7"]
[White "Sawicki, Wojciech"]
[Black "Skwarek, Hubert"]
[Result "0-1"]
[WhiteElo "1797"]
[BlackElo "1644"]
[PlyCount "94"]
[EventDate "2013.04.10"]
[EventType "tourn"]
[EventRounds "1"]
[EventCountry "POL"]
[SourceDate "2013.04.10"]

1. e4 c5 2. d4 cxd4 3. c3 dxc3 4. Nxc3 Nc6 5. Nf3 e6 6. Bc4 Nf6 7. Qe2 Qc7 8.
O-O Ng4 9. Nb5 Qb8 10. e5 a6 11. Nd6+ Bxd6 12. exd6 Qxd6 13. Rd1 Qe7 14. h3 Nf6
15. Be3 O-O 16. Rac1 d5 17. Bb3 Rd8 18. Bb6 Re8 19. a3 Bd7 20. Qe3 Rec8 21. Nd2
Qe8 22. Ba2 Ne7 23. Bc7 Ng6 24. Qb6 Bc6 25. Nb3 Nd7 26. Qa5 Ra7 27. Nd4 b6 28.
Bxb6 Nxb6 29. Qxb6 Rac7 30. Qxa6 Bb7 31. Qf1 Ne5 32. b3 Ba6 33. Rxc7 Bxf1 34.
Rxc8 Qxc8 35. Rxf1 Qc5 36. Rd1 Qxa3 37. Bb1 g6 38. Bc2 Qc5 39. Rd2 Nc6 40. Ne2
Nb4 41. Bd1 e5 42. Kf1 d4 43. Ng3 f5 44. Be2 d3 45. Bxd3 Nxd3 46. Rxd3 Qb5 47.
Ke2 e4 0-1

[Event "121st YMCA Spring C"]
[Site "Warszawa"]
[Date "2013.05.22"]
[Round "8"]
[White "Skwarek, Hubert"]
[Black "Szukalski, Antoni"]
[Result "0-1"]
[WhiteElo "1644"]
[BlackElo "1787"]
[PlyCount "60"]
[EventDate "2013.04.10"]
[EventType "tourn"]
[EventRounds "1"]
[EventCountry "POL"]
[SourceDate "2013.04.10"]

1. c4 c6 2. g3 d5 3. Nf3 Nf6 4. Bg2 Bf5 5. O-O e6 6. Qb3 Qb6 7. Qxb6 axb6 8. d3
Nbd7 9. cxd5 exd5 10. Nc3 Bb4 11. e4 dxe4 12. Nd4 Bg6 13. dxe4 O-O 14. Nde2
Rfe8 15. f3 Bc5+ 16. Kh1 Ne5 17. Nf4 Red8 18. Nxg6 hxg6 19. Bg5 Nd3 20. h4 Nh5
21. Kh2 f6 22. Bc1 Nxc1 23. Rfxc1 Rd2 24. Rab1 Bf2 25. g4 Nf4 26. Rd1 Rad8 27.
Bf1 Bxh4+ 28. Kh1 Kf7 29. b3 Bf2 30. Bc4+ Ke7 0-1

[Event "121st YMCA Spring C"]
[Site "Warszawa"]
[Date "2013.05.23"]
[Round "8"]
[White "Rodak , Przemyslaw"]
[Black "Powalka, Michal"]
[Result "1-0"]
[WhiteElo "1667"]
[BlackElo "1835"]
[PlyCount "55"]
[EventDate "2013.04.10"]
[EventType "tourn"]
[EventRounds "1"]
[EventCountry "POL"]
[SourceDate "2013.04.10"]

1. d4 Nf6 2. c4 g6 3. Nc3 Bg7 4. e4 d6 5. Bg5 O-O 6. Be2 c6 7. Nf3 Nbd7 8. O-O
e5 9. dxe5 Nxe5 10. Nxe5 dxe5 11. Qb3 Qc7 12. Rad1 Be6 13. Qa3 h6 14. Be3 Nd7
15. Rd2 Rfe8 16. Rfd1 a5 17. f3 Bf8 18. Qa4 Nb6 19. Qb3 Nd7 20. Qa4 Bc5 21.
Bxc5 Nxc5 22. Qa3 b6 23. Na4 Nb7 24. Qe3 Ra6 25. Qxh6 Nd8 26. h4 Bc8 27. h5
gxh5 28. Qg5+ 1-0

[Event "121st YMCA Spring C"]
[Site "Warszawa"]
[Date "2013.05.22"]
[Round "8"]
[White "Barc, Michal"]
[Black "Staniak, Mariusz"]
[Result "1/2-1/2"]
[WhiteElo "1854"]
[BlackElo "1821"]
[Annotator "Admin"]
[PlyCount "64"]
[EventDate "2013.04.10"]
[EventType "tourn"]
[EventRounds "1"]
[EventCountry "POL"]
[SourceDate "2013.04.10"]

1. d4 Nf6 2. Nf3 e6 3. c4 b6 4. Nc3 Bb7 5. Bg5 h6 6. Bxf6 Qxf6 7. e4 g6 8. Be2
Bg7 9. Qd3 Nc6 10. O-O d6 11. Rfe1 O-O 12. Rad1 a6 13. a3 Rad8 14. b4 Qe7 15.
b5 axb5 16. cxb5 Nb8 17. Na2 c5 18. bxc6 Nxc6 19. Rb1 Ra8 20. Rxb6 Rfb8 21.
Reb1 Kh7 22. Qb3 Na5 23. Qb4 Nc6 24. Qd2 Qc7 25. Qc2 Qe7 26. Qb2 Na5 27. Ba6
Ra7 28. Qc3 Qd8 29. Qb4 Qc7 30. Rc1 Nc6 31. Qb2 Rxa6 32. Rcxc6 Bxc6 $11 1/2-1/2

[Event "121st YMCA Spring C"]
[Site "Warszawa"]
[Date "2013.05.22"]
[Round "8"]
[White "Moskwinski, Marek"]
[Black "Krzyzanowski, Antoni"]
[Result "1/2-1/2"]
[WhiteElo "1772"]
[BlackElo "1723"]
[PlyCount "105"]
[EventDate "2013.04.10"]
[EventType "tourn"]
[EventRounds "1"]
[EventCountry "POL"]
[SourceDate "2013.04.10"]

1. e4 c6 2. d4 d5 3. exd5 cxd5 4. c4 Nf6 5. Nc3 Nc6 6. Nf3 Bg4 7. cxd5 Nxd5 8.
Bc4 e6 9. Bxd5 exd5 10. O-O Be7 11. Bf4 O-O 12. h3 Bxf3 13. Qxf3 Nxd4 14. Qd3
Ne6 15. Nxd5 Nxf4 16. Nxf4 Qxd3 17. Nxd3 Rfd8 18. Rfd1 Rd4 19. Ne5 Rad8 20.
Rxd4 Rxd4 21. Nf3 Rd5 22. Rc1 g6 23. Kf1 Rc5 24. Rxc5 Bxc5 25. Ke2 f6 26. Nd2
Kf7 27. f3 Ke6 28. Kd3 Kf5 29. Ne4 Be7 30. Ke3 h5 31. g4+ Ke5 32. f4+ Ke6 33.
gxh5 gxh5 34. Kf3 h4 35. Nc3 a6 36. Kg4 f5+ 37. Kh5 b5 38. Kg6 Bc5 39. Ne2 Bf2
40. Kg5 b4 41. a3 a5 42. axb4 axb4 43. b3 Bg3 44. Nd4+ Kd5 45. Nxf5 Ke4 46.
Nd6+ Kd3 47. Nb5 Kc2 48. Na7 Kxb3 49. Nc6 Kc3 50. Nxb4 Kxb4 51. f5 Kc5 52. f6
Kd5 53. f7 1/2-1/2

[Event "121st YMCA Spring C"]
[Site "Warszawa"]
[Date "2013.04.19"]
[Round "8"]
[White "Wilczynski, Adam"]
[Black "Potocki, Karol"]
[Result "1/2-1/2"]
[WhiteElo "1673"]
[BlackElo "1874"]
[Annotator "Admin"]
[PlyCount "112"]
[EventDate "2013.04.10"]
[EventType "tourn"]
[EventRounds "1"]
[EventCountry "POL"]
[SourceDate "2013.04.10"]

1. c4 Nf6 2. g3 g6 3. Bg2 Bg7 4. Nc3 O-O 5. d3 e5 6. e4 Nc6 7. Nge2 d6 8. O-O
Nh5 9. Nd5 Ne7 10. Bg5 f6 11. Nxe7+ Qxe7 12. Be3 a5 13. Qd2 Bd7 14. d4 Rf7 15.
Rad1 Bf8 16. h3 Be6 17. d5 Bd7 18. g4 Ng7 19. f4 c5 20. f5 g5 21. Ng3 b5 22. b3
Qd8 23. Bf3 Be8 24. Qh2 a4 25. Ra1 axb3 26. axb3 Rfa7 27. Qb2 Be7 28. Rxa7 Rxa7
29. Ra1 Rxa1+ 30. Qxa1 bxc4 31. bxc4 $11 Qb6 32. Bd2 Qb3 33. Qc3 Qb1+ 34. Qc1
Qa2 35. Bd1 Bd8 36. Qc2 Qa1 37. Bc3 Qa3 38. Qb2 Qxb2 39. Bxb2 Ba5 40. Kf1 Bd2
41. Ke2 Bf4 $11 42. Nh1 Bd7 43. Kd3 Ne8 44. Bc3 Nc7 45. Ba5 Na6 46. Kc3 Kf7 47.
Kb3 Be3 48. Ng3 Ke7 49. Nh5 Be8 50. Ng7 Bd7 51. Be2 Kf7 52. Ne6 Bxe6 53. dxe6+
Ke7 54. Ka4 Nb4 55. Bxb4 cxb4 56. Kxb4 h6 $11 1/2-1/2

[Event "121st YMCA Spring C"]
[Site "Warszawa"]
[Date "2013.05.23"]
[Round "9"]
[White "Krzyzanowski, Antoni"]
[Black "Wilczynski, Adam"]
[Result "1-0"]
[WhiteElo "1723"]
[BlackElo "1673"]
[PlyCount "135"]
[EventDate "2013.04.10"]
[EventType "tourn"]
[EventRounds "1"]
[EventCountry "POL"]
[SourceDate "2013.04.10"]

1. e4 c5 2. d4 cxd4 3. c3 Nf6 4. e5 Nd5 5. c4 Nb4 6. a3 Qa5 7. axb4 Qxa1 8. Bd3
Nc6 9. Nf3 e6 10. b5 Nb4 11. O-O Bc5 12. Be4 a6 13. Nbd2 Qa5 14. Nb3 Qc7 15.
Bf4 axb5 16. cxb5 f5 17. exf6 Qxf4 18. fxg7 Rg8 19. Nxc5 d5 20. Qxd4 dxe4 21.
Qxb4 Rxg7 22. Nd4 Qg4 23. g3 e5 24. Nc2 Qe2 25. Ne3 Ra2 26. Qxe4 Qxb2 27. Nf5
Bxf5 28. Qxf5 Rf7 29. Qc8+ Ke7 30. Qxb7+ Kf6 31. Qf3+ Ke7 32. Qb7+ Kf6 33. Qc6+
Kg7 34. Ne6+ Kg6 35. Nf4+ Kg7 36. Nh5+ Kf8 37. Qc5+ Re7 38. Qc8+ Kf7 39. Qh8
Qc2 40. Qf6+ Ke8 41. Ng7+ Kd7 42. Nf5 Re8 43. Qd6+ Kc8 44. Ne7+ Rxe7 45. Qxe7
Qc7 46. Qxc7+ Kxc7 47. Re1 Kd6 48. Rb1 Ra7 49. b6 Rb7 50. Rb5 e4 51. Rb4 Kd5
52. Kg2 Ke5 53. h3 Kd5 54. g4 Kc5 55. Rb1 Kd4 56. Kg3 Ke5 57. h4 h6 58. Rb5+
Kd4 59. Kf4 Kc4 60. Rb1 Kd5 61. Ke3 Kc4 62. Kxe4 Kc5 63. f4 Kc6 64. f5 Re7+ 65.
Kf4 Kb7 66. f6 Rd7 67. Kf5 Rd2 68. Kg6 1-0

[Event "121st YMCA Spring C"]
[Site "Warszawa"]
[Date "2013.05.29"]
[Round "9"]
[White "Staniak, Mariusz"]
[Black "Moskwinski, Marek"]
[Result "0-1"]
[WhiteElo "1821"]
[BlackElo "1772"]
[PlyCount "128"]
[EventDate "2013.04.10"]
[EventType "tourn"]
[EventRounds "1"]
[EventCountry "POL"]
[SourceDate "2013.04.10"]

1. c4 e6 2. Nc3 Nf6 3. e4 d5 4. e5 d4 5. exf6 dxc3 6. bxc3 Qxf6 7. d4 b6 8. Nf3
Bb7 9. Bd3 Bd6 10. Bg5 Bxf3 11. Qd2 Bf4 12. Bxf4 Bxg2 13. Rg1 Bb7 14. Be5 Qf3
15. Be2 Qe4 16. Bxg7 Rg8 17. O-O-O Nd7 18. Bd3 Qh4 19. Bh6 Rxg1 20. Rxg1 O-O-O
21. Rg7 Qxh2 22. Rxf7 Qh1+ 23. Kb2 Be4 24. Bxe4 Qxe4 25. f3 Qg6 26. Qf4 e5 27.
dxe5 Nxe5 28. Qf5+ Qxf5 29. Rxf5 Nxc4+ 30. Kc2 Nd6 31. Rf6 Rd7 32. Rf8+ Kb7 33.
Rh8 Kc6 34. Bd2 Kd5 35. Rf8 Rf7 36. Rh8 Nc4 37. Bc1 Ne5 38. f4 Ng6 39. Rd8+ Ke6
40. Rd4 c5 41. Re4+ Kf5 42. Kd3 Rd7+ 43. Ke3 Re7 44. Rxe7 Nxe7 45. c4 h5 46.
Kf3 Nc6 47. Bb2 h4 48. Bc1 Nd4+ 49. Kg2 Ne2 50. Be3 Nxf4+ 51. Kf3 Nd3 52. Kg2
Kg4 53. Bh6 h3+ 54. Kh2 Ne1 55. Bf8 Nf3+ 56. Kh1 Nd2 57. Bd6 Nxc4 58. Bb8 a6
59. Ba7 Nd2 60. Bxb6 c4 61. Bd4 Ne4 62. a4 c3 63. a5 Ng3+ 64. Kh2 c2 0-1

[Event "121st YMCA Spring C"]
[Site "Warszawa"]
[Date "2013.05.29"]
[Round "9"]
[White "Powalka, Michal"]
[Black "Barc, Michal"]
[Result "1/2-1/2"]
[WhiteElo "1835"]
[BlackElo "1854"]
[Annotator "Admin"]
[PlyCount "48"]
[EventDate "2013.04.10"]
[EventType "tourn"]
[EventRounds "1"]
[EventCountry "POL"]
[SourceDate "2013.04.10"]

1. e4 d6 2. d4 Nf6 3. Nc3 c6 4. Nf3 g6 5. Be2 Bg7 6. h3 O-O 7. Bg5 Qb6 8. a3
Re8 9. O-O Be6 10. Qd2 d5 11. Bd3 Nxe4 12. Nxe4 dxe4 13. Bxe4 Nd7 14. c3 Bd5
15. Rfe1 Nf6 16. Bxd5 cxd5 17. Qd3 Ne4 18. Be3 Rac8 19. Re2 a6 20. Rae1 Qc7 21.
Nd2 Nxd2 22. Qxd2 b5 23. Bf4 Qd7 24. Qd1 e6 $11 1/2-1/2

[Event "121st YMCA Spring C"]
[Site "Warszawa"]
[Date "2013.06.03"]
[Round "9"]
[White "Sawicki, Wojciech"]
[Black "Rodak , Przemyslaw"]
[Result "1-0"]
[WhiteElo "1797"]
[BlackElo "1667"]
[Annotator "Admin"]
[PlyCount "77"]
[EventDate "2013.04.10"]
[EventType "tourn"]
[EventRounds "1"]
[EventCountry "POL"]
[SourceDate "2013.04.10"]

1. e4 c5 2. d4 cxd4 3. c3 dxc3 4. Nxc3 Nc6 5. Nf3 e6 6. Bc4 a6 7. O-O Be7 8.
Qe2 d6 9. Rd1 Nf6 10. e5 Nd7 11. exd6 Bf6 12. Nd5 O-O 13. Nxf6+ Nxf6 14. Bg5
Bd7 15. Rac1 h6 16. Bh4 Rc8 17. a3 Qa5 18. Bxf6 gxf6 19. Qe3 Kh7 20. b4 Qd8 21.
Bd3+ f5 22. Rc4 Rg8 23. a4 f6 24. b5 axb5 25. axb5 Na5 26. Rh4 Rg6 27. Nd4 Qg8
28. g3 Nc4 29. Qf3 Na5 30. Re1 Rc5 31. Nxf5 exf5 32. Re7+ Kh8 33. Qe3 f4 34.
Qxc5 fxg3 35. Bxg6 gxh2+ 36. Kxh2 Qxg6 37. Rxd7 Qe8 38. Rxh6+ Kg8 39. Qd5+ $138
1-0

[Event "121st YMCA Spring C"]
[Site "Warszawa"]
[Date "2013.05.06"]
[Round "9"]
[White "Szukalski, Antoni"]
[Black "Slomski, Arkadiusz"]
[Result "1-0"]
[WhiteElo "1787"]
[BlackElo "1725"]
[PlyCount "73"]
[EventDate "2013.04.10"]
[EventType "tourn"]
[EventRounds "1"]
[EventCountry "POL"]
[SourceDate "2013.04.10"]

1. d4 e6 2. c4 f5 3. Nf3 Nf6 4. e3 Be7 5. Bd3 O-O 6. Nc3 c6 7. e4 fxe4 8. Nxe4
d5 9. Ng3 Nbd7 10. O-O Ne8 11. Qc2 Ndf6 12. c5 b6 13. cxb6 Qxb6 14. Be3 Rb8 15.
Rab1 Ba6 16. Ng5 Bxd3 17. Qxd3 c5 18. dxc5 Qc6 19. b4 h6 20. Nf3 Nd7 21. Nd4
Qa4 22. Nxe6 Rf7 23. Qxd5 Nef6 24. Qc4 Ne5 25. Qc3 Nc6 26. a3 Qa6 27. Nd4 Nd5
28. Qc1 Ne5 29. Rd1 Ng4 30. Ndf5 Qc6 31. Qc4 Ngxe3 32. fxe3 g6 33. Nxh6+ Kg7
34. Nxf7 Nxe3 35. Qd4+ Kxf7 36. Qxe3 Rh8 37. Qf3+ 1-0

[Event "121st YMCA Spring C"]
[Site "Warszawa"]
[Date "2013.06.06"]
[Round "10"]
[White "Rodak , Przemyslaw"]
[Black "Szukalski, Antoni"]
[Result "1/2-1/2"]
[WhiteElo "1667"]
[BlackElo "1787"]
[Annotator "Admin"]
[PlyCount "117"]
[EventDate "2013.04.10"]
[EventType "tourn"]
[EventRounds "1"]
[EventCountry "POL"]
[SourceDate "2013.04.10"]

1. d4 Nf6 2. c4 e6 3. Nc3 Bb4 4. Nf3 O-O 5. e3 d5 6. Bd3 dxc4 7. Bxc4 b6 8. O-O
Bb7 9. a3 Be7 10. b4 Nbd7 11. Rb1 Ne4 12. Nxe4 Bxe4 13. Bd3 Nf6 14. Bxe4 Nxe4
15. Qc2 f5 16. Bb2 Bd6 17. Rbc1 Qe7 18. Qc6 a5 19. b5 Rac8 20. a4 g5 21. Ne5 g4
22. Nxg4 Qh4 23. Ne5 Rf6 24. f4 Rh6 25. Nf3 Qh5 26. d5 Re8 27. dxe6 Rexe6 28.
Qa8+ Kf7 29. Qd5 Ke7 30. Rc2 Nc5 31. Qd4 Re4 32. Qg7+ Kd8 33. Qg8+ Kd7 34. Bd4
Ne6 35. h3 Nxd4 36. Nxd4 Rxe3 37. Nc6 Re8 38. Qd5 Kc8 39. Na7+ Kb8 40. Nc6+ Kc8
41. Nd4 Rf6 42. Qa8+ Kd7 43. Qc6+ Kc8 44. Qxb6 Qf7 45. Qxa5 Qd5 46. Qa6+ Kd8
47. Rd2 Qe4 48. Nc6+ Kd7 49. Qa7 Ke6 50. Qa6 Qe3+ 51. Rdf2 Bxf4 52. Qa5 Bg3 53.
Qd2 Bxf2+ 54. Rxf2 Qxd2 55. Rxd2 Ra8 56. a5 f4 57. a6 Rg6 58. a7 Rgg8 59. Rf2
$11 1/2-1/2

[Event "121st YMCA Spring C"]
[Site "Warszawa"]
[Date "2013.05.31"]
[Round "10"]
[White "Barc, Michal"]
[Black "Sawicki, Wojciech"]
[Result "0-1"]
[WhiteElo "1854"]
[BlackElo "1797"]
[PlyCount "71"]
[EventDate "2013.04.10"]
[EventType "tourn"]
[EventRounds "1"]
[EventCountry "POL"]
[SourceDate "2013.04.10"]

1. d4 Nf6 2. Nf3 g6 3. c4 Bg7 4. Nc3 O-O 5. e4 d6 6. Be2 e5 7. O-O Nc6 8. d5
Ne7 9. b4 Nh5 10. g3 f5 11. Ng5 Nf6 12. Ne6 Bxe6 13. dxe6 Nxe4 14. Nxe4 fxe4
15. Bg5 Bf6 16. Bh6 Re8 17. Qc2 Nf5 18. Be3 Nd4 19. Bxd4 exd4 20. Qxe4 d3 21.
Bxd3 Bxa1 22. Rxa1 Qf6 23. Re1 c6 24. h4 Re7 25. f4 Rae8 26. f5 gxf5 27. Qxf5
Rf8 28. Qg5+ Qxg5 29. hxg5 Rf3 30. Be4 Rxg3+ 31. Kf2 Rxg5 32. b5 cxb5 33. cxb5
Rxb5 34. Rd1 Rxe6 35. Bd5 Rxd5 36. Rxd5 0-1

[Event "121st YMCA Spring C"]
[Site "Warszawa"]
[Date "2013.05.31"]
[Round "10"]
[White "Moskwinski, Marek"]
[Black "Powalka, Michal"]
[Result "0-1"]
[WhiteElo "1772"]
[BlackElo "1835"]
[PlyCount "78"]
[EventDate "2013.04.10"]
[EventType "tourn"]
[EventRounds "1"]
[EventCountry "POL"]
[SourceDate "2013.04.10"]

1. e4 e5 2. Nf3 Nc6 3. Bb5 a6 4. Ba4 Nf6 5. O-O Be7 6. Re1 b5 7. Bb3 O-O 8. c3
d6 9. h3 Bb7 10. d4 Re8 11. Nbd2 Bf8 12. Bc2 h6 13. Nf1 exd4 14. cxd4 Nb4 15.
Ng3 Nxc2 16. Qxc2 c5 17. d5 Nd7 18. Nf5 c4 19. Be3 Rc8 20. Bd4 Nc5 21. Re3 Rc7
22. e5 dxe5 23. Bxe5 Rc8 24. N3h4 Bxd5 25. Nxh6+ Kh8 26. Rae1 Rxe5 27. Rxe5
gxh6 28. Rh5 Nd3 29. Re3 Qf6 30. Qc3 Qxc3 31. bxc3 Be6 32. Nf5 Kh7 33. Nd4 Bd7
34. Rd5 Rc7 35. Kf1 Nc1 36. a4 bxa4 37. Ra5 Nb3 38. Rxa6 Nxd4 39. cxd4 c3 0-1